[Event "CAN-ch U14"]
[Site "Quebec"]
[Date "2018.07.05"]
[Round "7.47"]
[White "Zagas, Michael"]
[Black "Jiang, Shawn"]
[Result "0-1"]
[WhiteElo "1273"]
[BlackElo "1020"]
[PlyCount "72"]
[EventDate "2018.07.02"]
[EventType "swiss"]
[EventRounds "7"]
[EventCountry "CAN"]
[SourceTitle "EXT 2022"]
[Source "ChessBase"]
[SourceDate "2021.10.06"]
[SourceVersion "1"]
[SourceVersionDate "2021.10.06"]
[SourceQuality "1"]

1. e4 c5 2. Nf3 d6 3. h3 Nc6 4. Bc4 Nf6 5. Qe2 e6 6. a3 Be7 7. c3 d5 8. exd5 exd5 9. Bd3 0-0 10. Bc2 Re8 11. 0-0 Bd6 12. Qd1 Be6 13. d4 b6 14. Bg5 Be7 15. Bxf6 Bxf6 16. dxc5 bxc5 17. Qd3 g6 18. Qe3 Bg4 19. Qxc5 Bxf3 20. Qxc6 Be4 21. Re1 Bxc2 22. Rxe8+ Qxe8 23. Qxf6 Qe1+ 24. Kh2 Bxb1 25. f3 Qd1 26. Qa6 Qd3 27. Qb7 Re8 28. Qxa7 Re2 29. Qb8+ Kg7 30. Qf4 Bc2 31. a4 Qa6 32. Qd4+ f6 33. a5 Qd6+ 34. Kg1 Qg3 35. Qg4 Rxg2+ 36. Kf1 Qf2# 0-1